Statistics for Bills players by jersey number 3

Click here to take the quiz!

General Stats

  • This quiz has been taken 7 times
  • The average score is 9 of 15

Answer Stats

jersey numberAnswer% Correct
88Dawson Knox
100%
21Jordan Poyer
100%
40Von Miller
100%
39Cam Lewis
60%
91Ed Oliver
60%
50Greg Rousseau
60%
28Latavius Murray
60%
60Mitch Morse
60%
90Shaq Lawson
60%
20Taylor Rapp
60%
66Connor McGovern
40%
85Quintin Morris
40%
8Sam Martin
40%
33Siran Neal
40%
44Tyler Matakevich
40%

Score Distribution

Percentile by Number Answered

Percent of People with Each Score

Your Score History

You have not taken this quiz